Star Wars "Mandoverse" Characters by Image - Statistics

General Stats
  • This quiz has been taken 118 times
  • The average score is 14 of 20
Answer Stats
Picture Answer % Correct
Grogu
99%
Boba Fett
98%
Luke Skywalker
98%
Ahsoka Tano
94%
Din Djarin
94%
Grand Admiral Thrawn
88%
Bo-Katan Kryze
84%
Sabine Wren
82%
Hera Syndulla
81%
Ezra Bridger
77%
Moff Gideon
77%
IG-11
68%
Fennec Shand
67%
Greef Karga
61%
Baylan Skoll
50%
Kuiil
47%
Morgan Elsbeth
47%
Shin Hati
43%
Cobb Vanth
41%
Jod / "Silvo"
26%
No matching quizzes found
Score Distribution
Percent of People with Each Score
Percentile by Number Answered
Your Score History
You have not taken this quiz